Liverpool FC Squad 1980-1981 - Statistics

General Stats
  • This quiz has been taken 26 times
  • The average score is 13 of 24
Answer Stats
Position Nation Player % Correct
FW Wales Ian Rush
85%
FW Scotland Kenny Dalglish
85%
GK Zimbabwe Bruce Grobbelaar
80%
GK England Ray Clemence
80%
MF Scotland Graeme Souness
75%
DF England Phil Neal
75%
DF Scotland Alan Hansen
70%
DF England Phil Thompson
70%
DF England Alan Kennedy
65%
Coach England Bob Paisley
65%
FW England David Johnson
65%
MF England Ray Kennedy
65%
MF Ireland Ronnie Whelan
60%
MF England Sammy Lee
50%
MF Ireland Steve Heighway
50%
MF England Terry McDermott
50%
DF Israel Avi Cohen
45%
FW England David Fairclough
45%
MF England Jimmy Case
45%
FW England Howard Gayle
25%
GK England Steve Ogrizovic
25%
DF England Colin Irwin
15%
DF England Richard Money
15%
FW Ireland Kevin Sheedy
10%
No matching quizzes found
Score Distribution
Percent of People with Each Score
Percentile by Number Answered
Your Score History
You have not taken this quiz